The fetish and other stories / (Record no. 200468013)

MARC details
000 -LEADER
fixed length control field 00983cam a2200325 i 4500
001 - CONTROL NUMBER
control field 200468013
003 - CONTROL NUMBER IDENTIFIER
control field TR-AnTOB
005 - DATE AND TIME OF LATEST TRANSACTION
control field 20260413115814.0
007 - PHYSICAL DESCRIPTION FIXED FIELD--GENERAL INFORMATION
fixed length control field ta
008 - FIXED-LENGTH DATA ELEMENTS--GENERAL INFORMATION
fixed length control field 730927t19671963uk 000 1 eng d
010 ## - LIBRARY OF CONGRESS CONTROL NUMBER
LC control number 65014268
035 ## - SYSTEM CONTROL NUMBER
System control number 6119674
System control number (OCoLC)702684
040 ## - CATALOGING SOURCE
Original cataloging agency DLC
Language of cataloging eng
Description conventions rda
Transcribing agency OAkU
Modifying agency OCoLC
-- DLC
-- TR-AnTOB
041 1# - LANGUAGE CODE
Language code of text/sound track or separate title İngilizce
Language code of original ita
050 00 - LIBRARY OF CONGRESS CALL NUMBER
Classification number PQ4829.O62
Item number L913 1967
090 ## - LOCALLY ASSIGNED LC-TYPE CALL NUMBER (OCLC); LOCAL CALL NUMBER (RLIN)
Classification number (OCLC) (R) ; Classification number, CALL (RLIN) (NR) PQ4829.O62
Local cutter number (OCLC) ; Book number/undivided call number, CALL (RLIN) L913 1967
100 1# - MAIN ENTRY--PERSONAL NAME
Personal name Moravia, Alberto,
Dates associated with a name 1907-1990
Relator term author
9 (RLIN) 145651
240 10 - UNIFORM TITLE
Uniform title L'automa.
Language of a work English
245 14 - TITLE STATEMENT
Title The fetish and other stories /
Statement of responsibility, etc. Alberto Moravia; Translated by Angus Davidson.
264 #1 - PRODUCTION, PUBLICATION, DISTRIBUTION, MANUFACTURE, AND COPYRIGHT NOTICE
Place of production, publication, distribution, manufacture England:
Name of producer, publisher, distributor, manufacturer Penguin Books,
Date of production, publication, distribution, manufacture, or copyright notice 1967.
300 ## - PHYSICAL DESCRIPTION
Extent 265 pages;
Dimensions 21 cm.
336 ## - CONTENT TYPE
Content type term text
Content type code txt
Source rdacontent
337 ## - MEDIA TYPE
Media type term unmediated
Media type code n
Source rdamedia
338 ## - CARRIER TYPE
Carrier type term volume
Carrier type code nc
Source rdacarrier
650 #0 - SUBJECT ADDED ENTRY--TOPICAL TERM
Topical term or geographic name entry element İtalyan edebiyatı
9 (RLIN) 125859
700 1# - ADDED ENTRY--PERSONAL NAME
Personal name Davidson, Angus.
Relator term translator
9 (RLIN) 153576
942 ## - ADDED ENTRY ELEMENTS (KOHA)
Source of classification or shelving scheme Library of Congress Classification
Koha item type Book
Holdings
Withdrawn status Lost status Source of classification or shelving scheme Damaged status Not for loan Collection code Home library Current library Shelving location Date acquired Source of acquisition Total Checkouts Full call number Barcode Date last seen Copy number Date shelved Koha item type Public note
    Library of Congress Classification Kullanılmış / Used Ödünç Verilemez-Kurumiçi kullanım / Not for loan-For inhouse use Genel Koleksiyon Tıp Fakültesi Medikal Kütüphane Tıp Fakültesi Medikal Kütüphane Genel Koleksiyon / Main Collection 18/03/2026 Bağış / Donation   PQ4829.O62 L913 1967 TıpFaK TF03064 13/04/2026 1 13/04/2026 Book Donated by Şükrü Cin
Devinim Yazılım Eğitim Danışmanlık tarafından Koha'nın orjinal sürümü uyarlanarak geliştirilip kurulmuştur.